000 00716nam a2200229 a 4500
005 20210219152826.0
008 991125n 000 0 eng u
035 _aUPN01000062484
100 _aVallerand, Robert J.
222 _aEDUCATIONAL AND PSYCHOLOGICAL MEASUREMENT
245 _aThe academic motivation scale : a measure of intrinsic, extrinsic, and amotivation in education / [et al.]
300 _a1003-1017
362 _a1992 52, no. 4
653 0 _aESTRUCTURA FACTORIAL
653 0 _aESTUDIANTES EN EL COLEGIO
653 0 _aFORMATO DE PRUEBAS
653 0 _aMOTIVACION DEL ESTUDIANTE
700 _aPelletier, Luc G.
700 _aBlais, Marc R.
904 _aAC
_b000295
905 _aArticulo
999 _c61744
_d61744